Ahorro y fiscalidad

Detalles Bibliográficos
Autor principal: Sǹchez Pedroche, Jos ̌Andrš
Formato: Desconocido
Lenguaje:español
Publicado: Madrid: Edersa, 2005
Materias:
Acceso en línea:Acceso restringido

MARC

LEADER 00000ny a22000003n 4500
005 20110608093247.0
008 080508t2002 sp s 000 0 spa c
020 |a 8484940640 
035 |a 619 
040 |a UMA.RE  |d vLex 
080 |a 336.22(460)(0.034) 
090 |c 552  |d 552 
100 1 |a Sǹchez Pedroche, Jos ̌Andrš 
245 1 0 |a Ahorro y fiscalidad  |h [Recurso electrn̤ico]  |c Jos ̌Andrš Sǹchez Pedroche 
256 |a Servicio en ln̕ea 
260 |a Madrid:  |b Edersa,  |c 2005 
300 |a p. ;  |c cm 
506 1 |a Contenido solo disponible en los productos indicados  |d vLex Global  |d vLex Global (Academic Edition, excluding Law Schools)  |d vLex Global (U.S. Academic Edition, Law Schools)  |d vLex Global (U.S. Academic Edition, excluding Law Schools)  |d vLex Global (Academic Edition, Law Schools) 
650 0 7 |a Tributario  |2 Tesauro vLex 
650 0 7 |a Impuestos  |2 Tesauro vLex 
650 0 7 |a Derecho tributario  |2 Tesauro vLex 
740 0 |a vLex Libros (Servicios en ln̕ea) 
856 4 0 |u http://vlex.com/source/619  |z Acceso restringido 
942 |c BOOK 
999 0 |a Taxation  |b Madrid